[Event "Aegean op 47th"]
[Site "Aghios Kirykos"]
[Date "2024.07.13"]
[Round "3"]
[White "Sklars, Tomas"]
[Black "Ben Ari, Yannay"]
[Result "0-1"]
[WhiteElo "1927"]
[BlackElo "2437"]
[PlyCount "52"]
[EventDate "2024.07.11"]
[EventType "swiss"]
[EventRounds "9"]
[EventCountry "GRE"]
[SourceTitle "CBM 221 Extra"]
[Source "ChessBase"]
[SourceDate "2024.09.30"]
[SourceVersion "1"]
[SourceVersionDate "2024.09.30"]
[SourceQuality "1"]

1. c4 e5 2. g3 Be7 3. Nc3 d6 4. Bg2 f5 5. d4 Nf6 6. dxe5 dxe5 7. Qxd8+ Bxd8 8. e4 Na6 9. Be3 Nb4 10. 0-0-0 fxe4 11. a3 Nd3+ 12. Kb1 Bf5 13. Nh3 c6 14. Rhf1 h6 15. Ka2 Ba5 16. b4 Bb6 17. Ng1 Bd4 18. Nge2 0-0-0 19. h3 Be6 20. Kb3 b5 21. Nxe4 Bxc4+ 22. Kc2 Nxb4+ 23. axb4 Bxe2 24. Nxf6 gxf6 25. Bxd4 Rxd4 26. Rxd4 Bxf1 0-1

[Event "SVK-chT1W 2324"]
[Site "Slovakia"]
[Date "2024.03.09"]
[Round "10.8"]
[White "Sklars, Tomas"]
[Black "Orgon, Patrik"]
[Result "0-1"]
[WhiteElo "1960"]
[BlackElo "1936"]
[PlyCount "60"]
[EventDate "2023.10.21"]
[EventType "team-tourn"]
[EventRounds "11"]
[EventCountry "SVK"]
[SourceTitle "EXT 2025"]
[Source "ChessBase"]
[SourceDate "2024.10.14"]
[SourceVersion "1"]
[SourceVersionDate "2024.10.14"]
[SourceQuality "1"]
[WhiteTeam "Bratislava KSN"]
[BlackTeam "Dubnica nad Vahom II"]
[WhiteTeamCountry "SVK"]
[BlackTeamCountry "SVK"]

1. e4 d5 2. exd5 Qxd5 3. h3 Nf6 4. Nf3 a6 5. Nc3 Qd6 6. d4 Nc6 7. Bd3 Nb4 8. 0-0 Nxd3 9. Qxd3 g6 10. Ne4 Nxe4 11. Qxe4 c6 12. Re1 Bf5 13. Qe2 0-0-0 14. c3 f6 15. b4 g5 16. a4 h5 17. Nd2 g4 18. h4 g3 19. Nc4 Qc7 20. f3 e5 21. Be3 exd4 22. Bxd4 Rxd4 23. cxd4 Bxb4 24. Ne3 Re8 25. Nxf5 Rxe2 26. Rxe2 Qf4 27. Rb1 Qxf5 28. Rxb4 Qf4 29. Kf1 Qc1+ 30. Re1 Qd2 0-1

[Event "SVK-chT2A 1415"]
[Site "Slovakia"]
[Date "2014.11.09"]
[Round "4.5"]
[White "Pericka, Tomas"]
[Black "Sklars, Tomas"]
[Result "1/2-1/2"]
[WhiteElo "2010"]
[BlackElo "2005"]
[PlyCount "25"]
[EventDate "2014.10.11"]
[EventType "team-tourn"]
[EventRounds "11"]
[EventCountry "SVK"]
[SourceTitle "EXT 2016"]
[Source "ChessBase"]
[SourceDate "2015.10.08"]
[SourceVersion "1"]
[SourceVersionDate "2015.10.08"]
[SourceQuality "1"]
[WhiteTeam "Osuske II"]
[BlackTeam "Bratislava KSN"]
[WhiteTeamCountry "SVK"]
[BlackTeamCountry "SVK"]

1. e4 c5 2. Nf3 d6 3. Bb5+ Bd7 4. Bxd7+ Qxd7 5. 0-0 Nc6 6. c3 g6 7. d4 cxd4 8. cxd4 Bg7 9. Nc3 Nf6 10. d5 Ne5 11. Nxe5 dxe5 12. f4 exf4 13. Bxf4 1/2-1/2

[Event "SVK-chT2A 1415"]
[Site "Slovakia"]
[Date "2014.11.08"]
[Round "3.5"]
[White "Sklars, Tomas"]
[Black "Mruskovic, Radoslav"]
[Result "1/2-1/2"]
[WhiteElo "2005"]
[BlackElo "1986"]
[PlyCount "66"]
[EventDate "2014.10.11"]
[EventType "team-tourn"]
[EventRounds "11"]
[EventCountry "SVK"]
[SourceTitle "EXT 2016"]
[Source "ChessBase"]
[SourceDate "2015.10.08"]
[SourceVersion "1"]
[SourceVersionDate "2015.10.08"]
[SourceQuality "1"]
[WhiteTeam "Bratislava KSN"]
[BlackTeam "Modra II"]
[WhiteTeamCountry "SVK"]
[BlackTeamCountry "SVK"]

1. Nc3 c5 2. e4 Nc6 3. Nf3 g6 4. d4 cxd4 5. Nxd4 Bg7 6. Be3 d6 7. Qd2 Nf6 8. f3 h5 9. 0-0-0 a6 10. Kb1 Nxd4 11. Bxd4 Be6 12. Nd5 Bxd5 13. exd5 Qd7 14. Be2 Qf5 15. Bc3 Rc8 16. g4 hxg4 17. fxg4 Qd7 18. Bf3 Rh3 19. Rdf1 Rxf3 20. Rxf3 Ne4 21. Qf4 Nxc3+ 22. bxc3 Qb5+ 23. Kc1 Qxd5 24. Rhf1 Bf6 25. Qa4+ Kf8 26. Kb2 Rc5 27. h4 Ra5 28. Qd7 Qxa2+ 29. Kc1 Rb5 30. Rxf6 Qa3+ 31. Kd2 Rd5+ 32. Ke2 Re5+ 33. Kd2 Rd5+ 1/2-1/2

[Event "SVK-chT2A 1314"]
[Site "Slovakia"]
[Date "2014.02.22"]
[Round "8.7"]
[White "Sklars, Tomas"]
[Black "Krajnak, Robert"]
[Result "1/2-1/2"]
[WhiteElo "2004"]
[BlackElo "2045"]
[PlyCount "30"]
[EventDate "2013.10.19"]
[EventType "team-tourn"]
[EventRounds "11"]
[EventCountry "SVK"]
[SourceTitle "EXT 2015"]
[Source "ChessBase"]
[SourceDate "2014.11.20"]
[SourceVersion "1"]
[SourceVersionDate "2014.11.20"]
[SourceQuality "1"]
[WhiteTeam "Bratislava KSN"]
[BlackTeam "Bratislava Doprastav III"]
[WhiteTeamCountry "SVK"]
[BlackTeamCountry "SVK"]

1. e4 c5 2. Nf3 e6 3. d4 cxd4 4. Nxd4 Nc6 5. Be3 Nf6 6. Nd2 d5 7. exd5 Qxd5 8. c4 Qd7 9. Nxc6 Qxc6 10. Qf3 Bd7 11. Be2 Be7 12. Qxc6 Bxc6 13. Bf3 Bxf3 14. Nxf3 0-0 15. Ke2 b6 1/2-1/2

[Event "SVK-chT2A 1314"]
[Site "Slovakia"]
[Date "2014.02.01"]
[Round "7.8"]
[White "Sklars, Tomas"]
[Black "Dzavik, Jozef"]
[Result "1-0"]
[WhiteElo "2004"]
[BlackElo "1974"]
[PlyCount "47"]
[EventDate "2013.10.19"]
[EventType "team-tourn"]
[EventRounds "11"]
[EventCountry "SVK"]
[SourceTitle "EXT 2015"]
[Source "ChessBase"]
[SourceDate "2014.11.20"]
[SourceVersion "1"]
[SourceVersionDate "2014.11.20"]
[SourceQuality "1"]
[WhiteTeam "Bratislava KSN"]
[BlackTeam "Krasnany"]
[WhiteTeamCountry "SVK"]
[BlackTeamCountry "SVK"]

1. e4 e6 2. d4 d5 3. Nc3 dxe4 4. Nxe4 Be7 5. Nf3 Nf6 6. Nxf6+ Bxf6 7. Be3 Nd7 8. Bc4 0-0 9. Qd2 Nb6 10. Bd3 Nd5 11. Bg5 Bxg5 12. Nxg5 Nf6 13. 0-0-0 Qd5 14. Kb1 h6 15. Nf3 b5 16. Ne5 Bb7 17. Rhg1 c5 18. c3 Kh8 19. Bc2 Rad8 20. g4 cxd4 21. cxd4 Ng8 22. g5 g6 23. gxh6 Kh7 24. Qg5 1-0

[Event "SVK-chT2A 1314"]
[Site "Slovakia"]
[Date "2013.10.19"]
[Round "1.7"]
[White "Kantor, Reka"]
[Black "Sklars, Tomas"]
[Result "0-1"]
[WhiteElo "1946"]
[BlackElo "2004"]
[PlyCount "70"]
[EventDate "2013.10.19"]
[EventType "team-tourn"]
[EventRounds "11"]
[EventCountry "SVK"]
[SourceTitle "EXT 2015"]
[Source "ChessBase"]
[SourceDate "2014.11.20"]
[SourceVersion "1"]
[SourceVersionDate "2014.11.20"]
[SourceQuality "1"]
[WhiteTeam "Gabcikovo"]
[BlackTeam "Bratislava KSN"]
[WhiteTeamCountry "SVK"]
[BlackTeamCountry "SVK"]

1. e4 c5 2. Nf3 g6 3. d4 cxd4 4. Nxd4 Nc6 5. c4 Bg7 6. Be3 Nf6 7. Nc3 d6 8. Be2 0-0 9. 0-0 Be6 10. Rc1 Rc8 11. b3 a6 12. Qd2 Ne5 13. f3 Qc7 14. Rfd1 Rfe8 15. Bf1 Nfd7 16. Qf2 Nc6 17. Rc2 Nb4 18. Rcc1 Nc6 19. Nd5 Qd8 20. Nxe6 fxe6 21. Nf4 Nf8 22. Rc2 Qc7 23. Bb6 Qb8 24. g3 e5 25. Ne2 Nd7 26. Be3 Nb4 27. Rcd2 a5 28. Bh3 Rc7 29. Nc3 Nc5 30. Nd5 Nxd5 31. Rxd5 b6 32. Rb1 Rb7 33. Bd2 Qc7 34. a3 Rf8 35. b4 Nxe4 0-1

[Event "SVK-chT2A 1213"]
[Site "Slovakia"]
[Date "2012.12.01"]
[Round "3.6"]
[White "Sklars, Tomas"]
[Black "Stepanovic, Branislav"]
[Result "1-0"]
[WhiteElo "2003"]
[BlackElo "1992"]
[PlyCount "109"]
[EventDate "2012.10.13"]
[EventType "team-tourn"]
[EventRounds "11"]
[EventCountry "SVK"]
[SourceTitle "EXT 2015"]
[Source "ChessBase"]
[SourceDate "2014.11.20"]
[SourceVersion "1"]
[SourceVersionDate "2014.11.20"]
[SourceQuality "1"]
[WhiteTeam "Bratislava KSN"]
[BlackTeam "Piestany Kupele"]
[WhiteTeamCountry "SVK"]
[BlackTeamCountry "SVK"]

1. e4 c5 2. Nf3 Nc6 3. d4 cxd4 4. Nxd4 Nf6 5. Nc3 d6 6. Bg5 e6 7. Qd2 Be7 8. 0-0-0 Bd7 9. Ndb5 0-0 10. Nxd6 Qb8 11. f4 Rd8 12. e5 Nd5 13. Bxe7 Ncxe7 14. Nce4 Ng6 15. g3 Bc6 16. h4 Ndxf4 17. gxf4 Bxe4 18. Rg1 Qc7 19. Bg2 Bxg2 20. Qxg2 f6 21. Qg3 f5 22. h5 Nf8 23. Rd3 Qe7 24. Qg2 Rd7 25. Rg3 Rb8 26. Qf3 Qd8 27. Qb3 Kh8 28. Rd3 b5 29. Nf7+ Rxf7 30. Rxd8 Rxd8 31. Qxb5 Rfd7 32. Qb3 Rd4 33. Qg3 R4d7 34. b3 h6 35. Kb2 Rc7 36. Rc1 Rd2 37. Qe3 Rh2 38. Qf3 Rc8 39. Qb7 Rd8 40. Qe7 Rc8 41. Qxa7 Rxh5 42. Rg1 g6 43. b4 Rh2 44. Rc1 Rd2 45. b5 Rd7 46. Qa6 Rb8 47. c4 Rdb7 48. a4 Rb6 49. Qa5 R6b7 50. c5 Rc8 51. c6 Rbc7 52. b6 Rxc6 53. Rxc6 Rxc6 54. b7 Nd7 55. Qd8+ 1-0

[Event "SVK-chT2A 1213"]
[Site "Slovakia"]
[Date "2012.10.13"]
[Round "1.7"]
[White "Sklars, Tomas"]
[Black "Kosar, Mikulas"]
[Result "1-0"]
[WhiteElo "2003"]
[BlackElo "1968"]
[PlyCount "55"]
[EventDate "2012.10.13"]
[EventType "team-tourn"]
[EventRounds "11"]
[EventCountry "SVK"]
[SourceTitle "EXT 2015"]
[Source "ChessBase"]
[SourceDate "2014.11.20"]
[SourceVersion "1"]
[SourceVersionDate "2014.11.20"]
[SourceQuality "1"]
[WhiteTeam "Bratislava KSN"]
[BlackTeam "Gabcikovo"]
[WhiteTeamCountry "SVK"]
[BlackTeamCountry "SVK"]

1. e4 d5 2. Nc3 d4 3. Nce2 e5 4. Nf3 Bd6 5. Ng3 Ne7 6. Bc4 h6 7. d3 Nbc6 8. Nh5 0-0 9. Qd2 Ng6 10. 0-0 Bg4 11. Nxg7 Nf4 12. Nf5 Bxf3 13. gxf3 Qg5+ 14. Ng3 Kh7 15. Kh1 Rg8 16. Rg1 Qh4 17. Qe1 Nh3 18. Rg2 Ne7 19. c3 dxc3 20. bxc3 Nf4 21. Bxf4 exf4 22. e5 Ba3 23. Qe4+ Kh8 24. Bxf7 Rg7 25. e6 Rd8 26. Rag1 Bd6 27. Nh5 Rxg2 28. Rxg2 1-0

[Event "SVK-chT2A 1112"]
[Site "Slovakia"]
[Date "2012.02.26"]
[Round "11.8"]
[White "Sklars, Tomas"]
[Black "Gasa, Patrik"]
[Result "1/2-1/2"]
[WhiteElo "1898"]
[BlackElo "1768"]
[PlyCount "158"]
[EventDate "2011.10.08"]
[EventType "team-tourn"]
[EventRounds "11"]
[EventCountry "SVK"]
[SourceTitle "EXT 2013"]
[Source "ChessBase"]
[SourceDate "2012.11.22"]
[SourceVersion "1"]
[SourceVersionDate "2012.11.22"]
[SourceQuality "1"]
[WhiteTeam "Bratislava KSN"]
[BlackTeam "Osuske II"]
[WhiteTeamCountry "SVK"]
[BlackTeamCountry "SVK"]

1. e4 c5 2. Nf3 g6 3. d4 cxd4 4. Nxd4 Bg7 5. c4 Nc6 6. Be3 Nf6 7. Nc3 Ng4 8. Qxg4 Nxd4 9. Qd1 e5 10. Bd3 0-0 11. 0-0 d6 12. Rc1 Be6 13. b3 Qd7 14. Bb1 Qe7 15. Bxd4 exd4 16. Nb5 Qg5 17. Nxd6 Bh3 18. Qf3 Bg4 19. Qg3 Be5 20. f4 Bxd6 21. h3 d3 22. hxg4 Bc5+ 23. Kh1 Qh6+ 24. Qh3 Qxh3+ 25. gxh3 d2 26. Rcd1 Rad8 27. Rf3 Ba3 28. e5 Rd4 29. Kg2 Rfd8 30. Kf2 Bc1 31. Ke3 b6 32. Be4 R4d7 33. Bd5 Re7 34. h4 Kg7 35. Ke4 f6 36. e6 h6 37. h5 Rh8 38. Rg3 Rd8 39. Rh1 Rh8 40. Rgh3 Rh7 41. hxg6 Kxg6 42. f5+ Kg7 43. Bc6 Kf8 44. Bd7 Reg7 45. Rh4 Ke7 46. Kd5 Bb2 47. Rd1 Kd8 48. Kc6 Bc1 49. c5 bxc5 50. Kxc5 Kc7 51. b4 Rg5 52. Be8 Rgg7 53. Bf7 Rh8 54. a4 Rgh7 55. Rh3 Rc8 56. Rd3 Kb7+ 57. Kb5 Rc7 58. Rd6 Rh8 59. a5 Rb8 60. Ka4 Kc8 61. Rd3 a6 62. Rh1 Rcb7 63. Rb3 Kd8 64. Bg6 Ke7 65. Rd1 Rc8 66. Rd3 Rc4 67. Rd7+ Rxd7 68. exd7 Kxd7 69. Kb3 Rxg4 70. Bh5 Rf4 71. Be2 Rxf5 72. Bxa6 Re5 73. Kc2 Re4 74. Bd3 Rxb4 75. Rh1 Rd4 76. Be2 Kc6 77. Kd1 Ra4 78. Rxh6 Rf4 79. a6 Kb6 1/2-1/2

[Event "SVK-chT2A 1112"]
[Site "Slovakia"]
[Date "2012.01.28"]
[Round "8.7"]
[White "Povysil, Peter"]
[Black "Sklars, Tomas"]
[Result "1/2-1/2"]
[WhiteElo "1990"]
[BlackElo "1898"]
[PlyCount "92"]
[EventDate "2011.10.08"]
[EventType "team-tourn"]
[EventRounds "11"]
[EventCountry "SVK"]
[SourceTitle "EXT 2013"]
[Source "ChessBase"]
[SourceDate "2012.11.22"]
[SourceVersion "1"]
[SourceVersionDate "2012.11.22"]
[SourceQuality "1"]
[WhiteTeam "Krasnany"]
[BlackTeam "Bratislava KSN"]
[WhiteTeamCountry "SVK"]
[BlackTeamCountry "SVK"]

1. Nf3 Nf6 2. d4 g6 3. c4 Bg7 4. Nc3 d6 5. e4 Nbd7 6. Be2 0-0 7. h3 e5 8. dxe5 Nxe5 9. Nxe5 dxe5 10. Qxd8 Rxd8 11. Bg5 c6 12. 0-0 h6 13. Be3 Be6 14. Rfd1 b6 15. a3 Ne8 16. Kf1 Nd6 17. b3 f5 18. exf5 Nxf5 19. Rxd8+ Rxd8 20. Rd1 Nxe3+ 21. fxe3 Rxd1+ 22. Bxd1 Bf8 23. a4 Bb4 24. Ne4 Kf7 25. g4 g5 26. Ng3 Ke8 27. Bc2 Kd8 28. Ke2 a6 29. Kf3 b5 30. axb5 cxb5 31. cxb5 axb5 32. Ke4 Kd7 33. Nf5 Bxf5+ 34. Kxf5 Bd6 35. Kg6 Bc5 36. Bf5+ Ke8 37. e4 Bf8 38. Kf6 Bd6 39. Ke6 Bb8 40. b4 Kd8 41. Kd5 Ke7 42. Kc6 Ba7 43. Kxb5 Kd6 44. Ka6 Bd4 45. Kb7 Bc3 46. b5 Kc5 1/2-1/2

[Event "Tirnavia Reti Memorial op"]
[Site "Trnava"]
[Date "2011.09.03"]
[Round "8"]
[White "Sklars, Tomas"]
[Black "Kleman, Miroslav"]
[Result "1/2-1/2"]
[WhiteElo "1886"]
[BlackElo "2218"]
[PlyCount "56"]
[EventDate "2011.08.29"]
[EventType "swiss"]
[EventRounds "9"]
[EventCountry "SVK"]
[SourceTitle "CBM 144 Extra"]
[Source "ChessBase"]
[SourceDate "2011.10.28"]
[SourceVersion "1"]
[SourceVersionDate "2011.10.28"]
[SourceQuality "1"]

1. e4 e5 2. Nf3 d6 3. d4 exd4 4. Nxd4 Nf6 5. Nc3 Be7 6. Bc4 0-0 7. 0-0 c6 8. a4 a5 9. Re1 Na6 10. Bf4 Nd7 11. Nf3 Nb6 12. Bf1 Be6 13. Nd4 Nc7 14. Qf3 Qd7 15. Qg3 Rad8 16. Rad1 Ne8 17. Nf3 Qc8 18. Rd2 Kh8 19. b3 Nd7 20. Be2 Rg8 21. Ng5 Bxg5 22. Bxg5 f6 23. Bf4 Ne5 24. Red1 Rd7 25. Bxe5 fxe5 26. Bg4 Rf7 27. Bxe6 Qxe6 28. Ne2 Rd7 1/2-1/2

[Event "Tirnavia Reti Memorial op"]
[Site "Trnava"]
[Date "2011.09.01"]
[Round "6"]
[White "Plachetka, Jan"]
[Black "Sklars, Tomas"]
[Result "1-0"]
[WhiteElo "2387"]
[BlackElo "1886"]
[PlyCount "119"]
[EventDate "2011.08.29"]
[EventType "swiss"]
[EventRounds "9"]
[EventCountry "SVK"]
[SourceTitle "CBM 144 Extra"]
[Source "ChessBase"]
[SourceDate "2011.10.28"]
[SourceVersion "1"]
[SourceVersionDate "2011.10.28"]
[SourceQuality "1"]

1. c4 Nf6 2. Nc3 g6 3. Nf3 Bg7 4. e4 d6 5. d4 0-0 6. Be2 Nbd7 7. 0-0 e5 8. Re1 h6 9. Bf1 Nh7 10. g3 Ng5 11. Nxg5 hxg5 12. d5 a5 13. Be3 Nc5 14. f3 f5 15. Bf2 Qf6 16. Bg2 Bh6 17. Rf1 Kf7 18. Qe2 Bd7 19. b3 Rh8 20. g4 f4 21. Rab1 b6 22. a3 Nb7 23. b4 axb4 24. axb4 Rhc8 25. Ra1 Bf8 26. Qb2 Qd8 27. Rfc1 Be7 28. Bf1 Rxa1 29. Rxa1 Ra8 30. Ra3 Qb8 31. Qa2 Rxa3 32. Qxa3 Kf8 33. Be2 Ke8 34. Bd1 Kd8 35. Kg2 Kc8 36. Ba4 Kd8 37. Bxd7 Kxd7 38. Qa4+ Kd8 39. Nb5 Bf6 40. Kf1 Ke7 41. Ke2 Nd8 42. Qa6 Kd7 43. Kd3 Qb7 44. Qa4 c6 45. Na7 Kc7 46. dxc6 Nxc6 47. Nxc6 Qxc6 48. Qa7+ Qb7 49. Bxb6+ Kc8 50. Qa5 Kd7 51. b5 Be7 52. Qa6 Qb8 53. Bf2 Qh8 54. c5 Qxh2 55. c6+ Ke6 56. Qa2+ Kf6 57. c7 Qh1 58. Ke2 Qc1 59. b6 Qc3 60. Qg8 1-0

[Event "Tirnavia Reti Memorial op"]
[Site "Trnava"]
[Date "2011.09.01"]
[Round "5"]
[White "Sklars, Tomas"]
[Black "Sipkovsky, Ladislav"]
[Result "1/2-1/2"]
[WhiteElo "1886"]
[BlackElo "1873"]
[PlyCount "98"]
[EventDate "2011.08.29"]
[EventType "swiss"]
[EventRounds "9"]
[EventCountry "SVK"]
[SourceTitle "CBM 144 Extra"]
[Source "ChessBase"]
[SourceDate "2011.10.28"]
[SourceVersion "1"]
[SourceVersionDate "2011.10.28"]
[SourceQuality "1"]

1. e4 e5 2. Nf3 d6 3. d4 Bg4 4. dxe5 Bxf3 5. Qxf3 dxe5 6. Bc4 Qd7 7. 0-0 Nc6 8. c3 h6 9. Be3 Nf6 10. h3 a6 11. Rd1 Bd6 12. Nd2 Na5 13. Be2 0-0 14. Bxh6 gxh6 15. Qxf6 Qe6 16. Qxe6 fxe6 17. b4 Nc6 18. Nc4 Rad8 19. Bg4 Kf7 20. a4 Na7 21. Rd3 Ke7 22. g3 Rf6 23. f4 Bc5+ 24. bxc5 Rxd3 25. fxe5 Rf8 26. Rc1 Rxg3+ 27. Kh2 Rd3 28. Rc2 Rf4 29. Be2 Rd8 30. Kg3 Rdf8 31. Rb2 Nc6 32. Rxb7 Kd8 33. Bg4 Rxe4 34. Bxe6 Nxe5 35. Bd5 Rxc4 36. Bxc4 Nxc4 37. Rb4 Ne5 38. Re4 Rf5 39. Rh4 h5 40. Rd4+ Ke7 41. Rd5 Ke6 42. Rd8 Nc6 43. Ra8 a5 44. Rc8 Kd7 45. Rh8 Rxc5 46. Kf4 Rc4+ 47. Kf5 Rxc3 48. h4 Rg3 49. Rh6 Ne5 1/2-1/2

[Event "Tirnavia Reti Memorial op"]
[Site "Trnava"]
[Date "2011.08.29"]
[Round "1"]
[White "Sklars, Tomas"]
[Black "Petenyi, Tamas"]
[Result "0-1"]
[WhiteElo "1886"]
[BlackElo "2398"]
[PlyCount "62"]
[EventDate "2011.08.29"]
[EventType "swiss"]
[EventRounds "9"]
[EventCountry "SVK"]
[SourceTitle "CBM 144 Extra"]
[Source "ChessBase"]
[SourceDate "2011.10.28"]
[SourceVersion "1"]
[SourceVersionDate "2011.10.28"]
[SourceQuality "1"]

1. e4 c5 2. Nf3 d6 3. d4 cxd4 4. Nxd4 Nf6 5. Nc3 e6 6. Be2 a6 7. 0-0 Be7 8. Be3 0-0 9. a4 Nc6 10. Kh1 Bd7 11. f4 Rc8 12. g4 Nxd4 13. Bxd4 Bc6 14. Bf3 Nd7 15. Be3 b5 16. axb5 axb5 17. g5 Nb6 18. Ne2 e5 19. f5 Nc4 20. Bc1 Bxg5 21. Bxg5 Qxg5 22. Rg1 Qe3 23. Ng3 Kh8 24. Bg2 Qh6 25. Qe2 Rfd8 26. Nh5 Ne3 27. Bf3 Nxf5 28. Ra7 Nd4 29. Qg2 Nxf3 30. Qxg7+ Qxg7 31. Rxg7 Bxe4 0-1

[Event "Bratislava Slovan op"]
[Site "Bratislava"]
[Date "2011.06.11"]
[Round "5"]
[White "Sklars, Tomas"]
[Black "Slapak, Zdenek"]
[Result "0-1"]
[WhiteElo "1876"]
[BlackElo "2112"]
[PlyCount "70"]
[EventDate "2011.06.07"]
[EventType "swiss"]
[EventRounds "9"]
[EventCountry "SVK"]
[SourceTitle "EXT 2023"]
[Source "ChessBase"]
[SourceDate "2022.10.05"]
[SourceVersion "1"]
[SourceVersionDate "2022.10.05"]
[SourceQuality "1"]

1. e4 c6 2. d4 d5 3. Nc3 dxe4 4. Nxe4 Nd7 5. Bc4 Ngf6 6. Ng5 e6 7. Bxe6 fxe6 8. Nxe6 Qe7 9. Qe2 Kf7 10. Ng5+ Kg8 11. Be3 h6 12. N5h3 g5 13. 0-0-0 Nb6 14. Qd3 Qe4 15. Qxe4 Nxe4 16. f3 Nf6 17. Nf2 Bf5 18. g4 Bg6 19. h4 Nfd5 20. Bd2 gxh4 21. Rxh4 Re8 22. f4 Kg7 23. f5 Bf7 24. Nd3 Nc4 25. Nf3 Nxd2 26. Rxd2 Re3 27. Nfe5 Be7 28. Rh1 Bg5 29. Nxf7 Kxf7 30. Kb1 Rhe8 31. Rf2 Kg7 32. a3 R8e4 33. Nc5 Rxg4 34. Nxb7 Rxd4 35. Nd8 Bxd8 0-1

[Event "Bratislava Slovan op"]
[Site "Bratislava"]
[Date "2011.06.10"]
[Round "4"]
[White "Hajek, Lukas1"]
[Black "Sklars, Tomas"]
[Result "1/2-1/2"]
[WhiteElo "2032"]
[BlackElo "1876"]
[PlyCount "73"]
[EventDate "2011.06.07"]
[EventType "swiss"]
[EventRounds "9"]
[EventCountry "SVK"]
[SourceTitle "EXT 2023"]
[Source "ChessBase"]
[SourceDate "2022.10.05"]
[SourceVersion "1"]
[SourceVersionDate "2022.10.05"]
[SourceQuality "1"]

1. d4 Nf6 2. c4 g6 3. Nc3 Bg7 4. e4 d6 5. Nf3 0-0 6. Be2 Nbd7 7. 0-0 e5 8. Re1 h6 9. Bf1 Nh7 10. b3 Ng5 11. Nxg5 hxg5 12. d5 Bf6 13. Be2 Kg7 14. Bg4 Rh8 15. Be3 Qg8 16. Rc1 Qh7 17. h3 Bd8 18. Qc2 Nc5 19. Bxc8 Rxc8 20. f3 Nd7 21. Qe2 Qh6 22. Nd1 Be7 23. Nf2 f5 24. Rc2 Nf6 25. c5 Qh4 26. cxd6 Bxd6 27. Bc5 Nh5 28. Bxd6 cxd6 29. Rec1 Nf4 30. Qf1 Rxc2 31. Rxc2 Qg3 32. Rc7+ Kf6 33. Kh1 g4 34. exf5 Rxh3+ 35. Nxh3 gxh3 36. gxh3 Nxd5 37. Rd7 1/2-1/2

[Event "SVK-ch U16"]
[Site "Sliac"]
[Date "2011.04.03"]
[Round "5"]
[White "Sklars, Tomas"]
[Black "Tropp, Oliver"]
[Result "1/2-1/2"]
[WhiteElo "1833"]
[BlackElo "1995"]
[PlyCount "47"]
[EventDate "2011.03.31"]
[EventType "swiss"]
[EventRounds "9"]
[EventCountry "SVK"]
[SourceTitle "CBM 141 Extra"]
[Source "ChessBase"]
[SourceDate "2011.05.03"]
[SourceVersion "1"]
[SourceVersionDate "2011.05.03"]
[SourceQuality "1"]

1. e4 e6 2. d4 d5 3. Nc3 dxe4 4. Nxe4 Nd7 5. Nf3 Ngf6 6. Nxf6+ Nxf6 7. Bd3 Be7 8. 0-0 0-0 9. c3 b6 10. Qc2 Bb7 11. Ng5 h6 12. Ne4 Qd5 13. f3 c5 14. Nxf6+ Bxf6 15. Be4 Qd7 16. Bxb7 Qxb7 17. dxc5 bxc5 18. Be3 c4 19. Rad1 a5 20. Rf2 Qb5 21. Rfd2 a4 22. a3 Be5 23. h3 Rab8 24. Qe4 1/2-1/2

[Event "SVK-ch U16"]
[Site "Sliac"]
[Date "2011.04.01"]
[Round "2"]
[White "Hrstka, Samuel"]
[Black "Sklars, Tomas"]
[Result "1/2-1/2"]
[WhiteElo "1730"]
[BlackElo "1833"]
[PlyCount "82"]
[EventDate "2011.03.31"]
[EventType "swiss"]
[EventRounds "9"]
[EventCountry "SVK"]
[SourceTitle "CBM 141 Extra"]
[Source "ChessBase"]
[SourceDate "2011.05.03"]
[SourceVersion "1"]
[SourceVersionDate "2011.05.03"]
[SourceQuality "1"]

1. e4 e5 2. Nf3 Nc6 3. Bc4 Bc5 4. d3 d6 5. Ng5 Nh6 6. c3 Bb6 7. h3 0-0 8. Nf3 Na5 9. Bb5 Qf6 10. Bg5 Qg6 11. b4 Nc6 12. Qd2 f6 13. Bxh6 gxh6 14. Bc4+ Kh8 15. g4 Ne7 16. Rf1 c5 17. Nh4 Qg7 18. f4 Bd7 19. fxe5 fxe5 20. Nf5 Nxf5 21. exf5 d5 22. Bb3 Qf6 23. Kd1 Rfe8 24. Re1 Rad8 25. Na3 e4 26. d4 a5 27. Nc2 Ra8 28. a3 Qh4 29. Qe3 Bd8 30. Rh1 Rg8 31. Qe1 Qg5 32. Qd2 Qh4 33. Qe1 Qf6 34. Qg3 h5 35. Rg1 hxg4 36. hxg4 Qh4 37. Qf4 Bg5 38. Qe5+ Bf6 39. Qf4 b6 40. Ke2 Rg5 41. Ne3 Rag8 1/2-1/2

[Event "Brezova op"]
[Site "Brezova pod Bradlom"]
[Date "2010.08.29"]
[Round "9"]
[White "Sebo, Viktor"]
[Black "Sklars, Tomas"]
[Result "1/2-1/2"]
[WhiteElo "1875"]
[BlackElo "1778"]
[PlyCount "50"]
[EventDate "2010.08.22"]
[EventType "swiss"]
[EventRounds "9"]
[EventCountry "SVK"]
[SourceTitle "CBM 138 Extra"]
[Source "ChessBase"]
[SourceDate "2010.10.29"]
[SourceVersion "1"]
[SourceVersionDate "2010.10.29"]
[SourceQuality "1"]

1. e4 c5 2. Nf3 d6 3. d4 cxd4 4. Nxd4 Nf6 5. Nc3 g6 6. Be2 Bg7 7. Be3 0-0 8. Qd2 Nc6 9. Nxc6 bxc6 10. Bh6 Qb6 11. Bxg7 Kxg7 12. h4 h5 13. Na4 Qc7 14. Nc3 Rb8 15. Rb1 Be6 16. f4 Bg4 17. Bxg4 Nxg4 18. f5 Qb6 19. Rf1 e6 20. Na4 Qb5 21. Nc3 Qb6 22. Na4 Qa6 23. Nc3 exf5 24. Qd4+ Kg8 25. exf5 Rfe8+ 1/2-1/2

[Event "Bratislava Doprastav op"]
[Site "Bratislava"]
[Date "2010.07.05"]
[Round "6"]
[White "Sklars, Tomas"]
[Black "Goga, Frantisek"]
[Result "1-0"]
[WhiteElo "1778"]
[BlackElo "1935"]
[PlyCount "149"]
[EventDate "2010.07.02"]
[EventType "swiss"]
[EventRounds "9"]
[EventCountry "SVK"]
[SourceTitle "EXT 2012"]
[Source "ChessBase"]
[SourceDate "2011.11.24"]
[SourceVersion "1"]
[SourceVersionDate "2011.11.24"]
[SourceQuality "1"]

1. Nc3 c5 2. Nf3 d6 3. g3 Nc6 4. Bg2 g6 5. d4 cxd4 6. Nxd4 Bd7 7. e4 Bg7 8. Be3 Nf6 9. h3 0-0 10. 0-0 a6 11. a4 Na5 12. Qe2 Rc8 13. Nd5 Nc4 14. c3 Nxe3 15. Qxe3 e5 16. Nxf6+ Bxf6 17. Nf3 Qc7 18. Rfd1 Rfd8 19. Bf1 Be6 20. Rd2 Bg7 21. Ne1 d5 22. Rad1 d4 23. cxd4 Rxd4 24. Rxd4 exd4 25. Qf3 Qb6 26. Nd3 Bb3 27. Ra1 Be6 28. Bg2 Rf8 29. g4 Bc4 30. Rb1 Qb3 31. Bf1 Qa2 32. Qd1 Bb3 33. Ra1 Bxd1 34. Rxa2 Re8 35. Nc5 Re7 36. Bd3 Bf3 37. Ra1 h5 38. gxh5 Bxh5 39. Kg2 Be5 40. Nb3 Bf4 41. Nc1 Kg7 42. Ne2 Be5 43. Rc1 Bf6 44. Rc4 Bxe2 45. Bxe2 Rxe4 46. Bd3 Re7 47. Rb4 Be5 48. b3 f5 49. Kf3 Kh6 50. Rb6 Bg7 51. Bxf5 Kg5 52. Bxg6 d3 53. Bxd3 Rf7+ 54. Kg3 Be5+ 55. Kg2 Bd4 56. Rg6+ Kf4 57. Rg4+ Ke5 58. Re4+ Kd5 59. Bc4+ Kxe4 60. Bxf7 b6 61. Kg3 Be5+ 62. Kg4 Bd6 63. h4 Ke5 64. f4+ Kf6 65. Bc4 a5 66. h5 Kg7 67. Kf5 Be7 68. Ke6 Bh4 69. f5 Bg5 70. Bd3 Kf8 71. f6 Ke8 72. Bb5+ Kf8 73. Bc4 Be3 74. Kf5 Bh6 75. Kg6 1-0